Výskum a vývoj, jeho postavenie a úlohy pri rozvoji priemyslu so zvláštnym zreteľom na Slovensko

Gespeichert in:
Bibliographische Detailangaben
1. Verfasser: Nemcová, Edita
Format: Buch
Sprache:Slowakisch
Englisch
Veröffentlicht: Bratislava Prognostický ústav SAV 1996
Ausgabe:1. vyd.
Schriftenreihe:Pracovné materiály č. 9
Schlagworte:
Tags: Tag hinzufügen
Keine Tags, Fügen Sie das erste Tag hinzu!

MARC

LEADER 00000nam a2200000 4500
001 c018221
005 20230227115923.2
041 0 |a slo 
041 0 |a eng 
044 |a SK 
245 1 0 |a Výskum a vývoj, jeho postavenie a úlohy pri rozvoji priemyslu so zvláštnym zreteľom na Slovensko  |c Edita Nemcová 
250 |a 1. vyd. 
264 1 |a Bratislava  |b Prognostický ústav SAV  |c 1996 
300 |a 37 s. 
490 1 |a Pracovné materiály  |v č. 9 
830 0 |a Pracovné materiály  |v č. 9 
610 2 0 |a výskum 
610 2 0 |a vývoj 
610 2 0 |a priemysel 
610 2 0 |a inovácia 
610 2 0 |a Slovensko 
610 2 0 |a pokrok technický 
100 1 |a Nemcová, Edita